01630nam a22003137a 4500003000400000005001700004008004100021040002200062082002100084100003900105245003500144260011400179300001900293490002400312505002100336505004100357505003000398505021100428505028300639505001500922505001300937650004600950650004900996650004301045650004901088942003201137999001501169952013201184OSt20230421104507.0221006b |||||||| |||| 00| 0 eng d cBiblioteca Lado V a794.816.6bV632a 9804aVicente, Jose Luis deeeditor aMediateca Expandida/bHabitar/ bCentro de Arte y Creación IndustrialbcajAsturbMinisterio de Industria, Turismo y Comercioc2010aEspaña c17x23cma138p. a03v2010x1889-965X aUn futuro Urbano aNuevos escenarios urbanos emergentes aLABoral y la arquitectura aEnsayosgEl cambio de los paradigmas Redibujar Software Urbano La construcción de una ciudad Notas sobre el diseño La ciudad colmada de dones Instantáneas de una ficticia Fluir, habitar, pensar aProyectosgPedro Miguel Cruz SENSEable City Lab SENSEable cITY Lab Rocarols/ Soriano/Tornabell Nerea Calvillo Dan Hill Timo Arnall Julian Bleecker Semiconductor kawamura-ganjavian Mark Shepard IaaC Philippe Rahm architectes Angel Borrego - OSS Citilab - Cornella  aBiografias aCreditos 2Tesauro de Arte & ArquitecturaaARTE9703 2Tesauro de Arte & ArquitecturaaVIDEO JUEGOS 2Tesauro de Arte & ArquitecturaaMUSICA 2Tesauro de Arte & ArquitecturaaARTE DIGITAL 2ddcc1h794.816.6iV632an0 c3420d3420 00102ddc3201040708RevistasaLVbLVd2023-04-21h03i003141l0o794.816.6 V632ap003141r2023-04-21 00:00:00w2023-04-21y1